Normal view
MARC view
- Braude, Lee.
Entry Personal Name
001 - CONTROL NUMBER
- control field: 2754
003 - CONTROL NUMBER IDENTIFIER
- control field: OSt
005 - DATE AND TIME OF LATEST TRANSACTION
- control field: 20170509135404.0
008 - FIXED-LENGTH DATA ELEMENTS
- fixed length control field: 170509|| aca||aabn | a|a d
040 ## - CATALOGING SOURCE
- Original cataloging agency: OSt
- Transcribing agency: OSt
100 ## - HEADING--PERSONAL NAME
- Personal name: Braude, Lee.
670 ## - SOURCE DATA FOUND
- Source citation: Work cat.: (OSt): Braude, Lee., Work and workers: a sociological analysis., 1975

PORTAL AKMAL
E-MEL JKDM
AKMAL2U
G-BAM
u-PUSTAKA